01022 2200361 4500001002100000005001500021035002000036007000300056040001700059100003500076245005500111250001700166300003900183020002200222041000800244082001100252084001700263090001800280264004700298336002100345337003000366338002300396500002300419500003200442650002800474700003500502850001000537008004100547990001800588990001800606990001800624990001800642INLIS00000000000515720260515013902 a0010-0222000247ta aSBPUPADbind0 aDr. Rusydi SulaimanePengarang1 aPengantar Metodologi Studi Sejarah Peradaban Islam aEd.1 .-Cet 1 axviii,382 hlm,283 :bIlus ;c23 cm a978-979-769-717-4 aind a297.09 a297.09 RUS p a310 BEN s 6-8 a,--jakarta :bPerpustakaan Nasional,c2014 2rdacontentaTeks 2rdamediaaTanpa Perantara 2rdacarrieravolume aIndeks Hal 369-377 aBiodata Penulis Hal 379-381 4aSejarah Peradaban Islam aDr. Rusydi SulaimanePengarang aPUPAD260515 0  a14293/BR-2014 a14292/BR-2014 a14294/BR-2014 a14291/BR-2014